000 00487nam a22001697a 4500
005 20251108164858.0
008 250721s1993 xx 000 0 ara d
082 1 4 _a372.218/متو
100 1 _aموسى، متولي
245 1 0 _aتربية الأطفال في فترة الحضانة /
264 1 _aالقاهرة :
_bدار الهدى،
_c1993.
300 _a111ص
650 1 7 _aدور الحضانة
650 1 7 _aرياض الأطفال
942 _2ddc
_cBK
999 _c16519
_d16519